书目信息 |
| 题名: |
殷墟妇好墓铭文研究
|
|
| 作者: | 曹定云 著 | |
| 分册: | ||
| 出版信息: | 昆明 云南人民出版社 2007 |
|
| 页数: | 166页 | |
| 开本: | 21cm | |
| 丛书名: | ||
| 单 册: | ||
| 中图分类: | K877.34 | |
| 科图分类: | ||
| 主题词: | 金文--研究--安阳市--商周时代 , 金文 | |
| 电子资源: | ||
| ISBN: | 978-7-222-04958-1 | |
| 000 | 00800nam0 2200241 450 | |
| 001 | 003464753 | |
| 005 | 20100325105254.12 | |
| 010 | @a978-7-222-04958-1@dCNY23.00 | |
| 100 | @a20070318d2007 em y0chiy0110 ea | |
| 101 | 0 | @achi |
| 102 | @aCN@b530000 | |
| 105 | @aa z 000yy | |
| 106 | @ar | |
| 200 | 1 | @a殷墟妇好墓铭文研究@9yin xu fu hao mu ming wen yan jiu@f曹定云著 |
| 210 | @a昆明@c云南人民出版社@d2007 | |
| 215 | @a166页@c图@d21cm | |
| 330 | @a本书通过对妇好墓器物铭文进行探讨,论证了殷代诸侯“亚其”的始祖,殷代诸侯“亚启”之始祖,殷代的“庐方”位于今甘肃平凉一带等诸多历史问题。 | |
| 606 | 0 | @a金文@x研究@y安阳市@z商周时代 |
| 606 | 0 | @a金文 |
| 690 | @aK877.34@v4 | |
| 701 | 0 | @a曹定云@9cao ding yun@f(1939.9~)@4著 |
| 801 | 0 | @aCN@bNLC@c20100325 |
| 905 | @b798993-97@dK877.34@e264@f5 | |
| 殷墟妇好墓铭文研究/曹定云著.-昆明:云南人民出版社,2007 |
| 166页:图;21cm |
| ISBN 978-7-222-04958-1:CNY23.00 |
| 本书通过对妇好墓器物铭文进行探讨,论证了殷代诸侯“亚其”的始祖,殷代诸侯“亚启”之始祖,殷代的“庐方”位于今甘肃平凉一带等诸多历史问题。 |
| ● |
| 相关链接 |
|
|
|
|
正题名:殷墟妇好墓铭文研究
索取号:K877.34/264
 
预约/预借
| 序号 | 登录号 | 条形码 | 馆藏地/架位号 | 状态 | 备注 |
| 1 | 798993 | 207989934 | 第二样本阅览室/ [索取号:K877.34/264] | 在馆 | |
| 2 | 798994 | 207989943 | 第二借阅区/ [索取号:K877.34/264] | 在馆 | |
| 3 | 798995 | 207989952 | 第二借阅区/ [索取号:K877.34/264] | 在馆 | |
| 4 | 798996 | 207989961 | 第二借阅区/ [索取号:K877.34/264] | 在馆 | |
| 5 | 798997 | 207989970 | 第二借阅区/ [索取号:K877.34/264] | 在馆 |